[Event "Risarald op"]
[Site "Risarald"]
[Date "2015.06.15"]
[Round "7"]
[White "Estrada Sanchez, Luis Eduardo"]
[Black "Montoya, Duvan"]
[Result "1-0"]
[WhiteElo "1860"]
[BlackElo "2050"]
[PlyCount "39"]
[EventDate "2015.06.12"]
[EventType "swiss"]
[EventRounds "7"]
[EventCountry "COL"]
[SourceTitle "CBM 167 Extra"]
[Source "ChessBase"]
[SourceDate "2015.09.14"]
[SourceVersion "1"]
[SourceVersionDate "2015.09.14"]
[SourceQuality "1"]

1. d4 Nf6 2. c4 g6 3. Nc3 Bg7 4. e4 d6 5. Bd3 e5 6. d5 0-0 7. Nge2 Nbd7 8. 0-0 Nc5 9. h3 a5 10. Be3 Nxd3 11. Qxd3 b6 12. f4 exf4 13. Bxf4 Nd7 14. b3 Nc5 15. Qd2 f5 16. exf5 Bxf5 17. Ng3 Bd3 18. Rf3 Be4 19. Rff1 Bd3 20. Rf3 1-0

[Event "Risarald op"]
[Site "Risarald"]
[Date "2015.06.13"]
[Round "3"]
[White "Estrada Sanchez, Luis Eduardo"]
[Black "Castano Orrego, Simon"]
[Result "1-0"]
[WhiteElo "1860"]
[BlackElo "1518"]
[PlyCount "49"]
[EventDate "2015.06.12"]
[EventType "swiss"]
[EventRounds "7"]
[EventCountry "COL"]
[SourceTitle "CBM 167 Extra"]
[Source "ChessBase"]
[SourceDate "2015.09.14"]
[SourceVersion "1"]
[SourceVersionDate "2015.09.14"]
[SourceQuality "1"]

1. d4 Nf6 2. c4 g6 3. Nc3 Bg7 4. e4 d6 5. Bd3 0-0 6. Nge2 e5 7. d5 a5 8. 0-0 Na6 9. Be3 Ng4 10. Qd2 Nxe3 11. fxe3 Nc5 12. Bc2 Bd7 13. a3 a4 14. Rae1 Qg5 15. Rf3 f5 16. Ref1 fxe4 17. Nxe4 Nxe4 18. Bxe4 Bg4 19. Rg3 Rxf1+ 20. Kxf1 Bxe2+ 21. Qxe2 Qh4 22. Qg4 Qxh2 23. Rf3 Qh1+ 24. Kf2 Qh6 25. Rh3 1-0

[Event "Risarald op"]
[Site "Risarald"]
[Date "2015.06.13"]
[Round "2"]
[White "Torres, Saulo de Jesus"]
[Black "Estrada Sanchez, Luis Eduardo"]
[Result "1-0"]
[WhiteElo "1888"]
[BlackElo "1860"]
[PlyCount "39"]
[EventDate "2015.06.12"]
[EventType "swiss"]
[EventRounds "7"]
[EventCountry "COL"]
[SourceTitle "CBM 167 Extra"]
[Source "ChessBase"]
[SourceDate "2015.09.14"]
[SourceVersion "1"]
[SourceVersionDate "2015.09.14"]
[SourceQuality "1"]

1. e4 c5 2. Nc3 Nc6 3. Bb5 e6 4. Bxc6 bxc6 5. d3 d5 6. f4 Rb8 7. Nf3 dxe4 8. Nxe4 f5 9. Ned2 Nf6 10. 0-0 Ba6 11. Qe2 Bc8 12. Ng5 Qd5 13. Nc4 h6 14. Nf3 Be7 15. b3 0-0 16. Bb2 Bd7 17. Nfe5 Rb7 18. Rae1 Kh7 19. Rf3 Re8 20. Rg3 1-0